00860nam a22002417a 4500999001500000001000500015003000900020005001700029008004100046040003800087082002400125245008800149260004400237300002200281504004100303505001200344650004300356700002400399700002800423710002800451942001200479952012700491 c1875d18759573BD-DhUAP20200217121852.0200217s1991 bg b 00| 0 eng d aBD-DhUAPcBD-DhUAPbEngdBD-DhUAP00223a348.5492046 BAN aBangladesh legal decisions /cedited by Mr. Sultan Ahmad and A. T. M. Kamrul Islam. aDhaka :bBangladesh Bar Council,c1991. avolumes ;c24 cm. aIncludes bibliographical references. aV. 11-- aLaw reports, digests, etczBangladesh. aAhmad, Mr. Sultan. aIslam, A. T. M. Kamrul. aBangladesh Bar Council.002ddccBK 00102ddc4070aUAPCLbUAPCLcGeneral Stacksd2020-02-17o348.5492046 BAN V-11p3010009573r2020-02-17t1w2020-02-17yBK